Normal view MARC view

Entry Topical Term

Number of records used in: 1

001 - CONTROL NUMBER

  • control field: 160663

003 - CONTROL NUMBER IDENTIFIER

  • control field: OSt

005 - DATE AND TIME OF LATEST TRANSACTION

  • control field: 20220923211519.0

008 - FIXED-LENGTH DATA ELEMENTS

  • fixed length control field: 220923|| aca||aabn | a|a d

040 ## - CATALOGING SOURCE

  • Original cataloging agency: OSt
  • Transcribing agency: OSt

150 ## - HEADING--TOPICAL TERM

  • Topical term or geographic name entry element: पुस्तकालय प्रलेखन

670 ## - SOURCE DATA FOUND

  • Source citation: Work cat.: (OSt)300292: तिवारी, दिनेश कुमार 160662, संस्कृत एवं प्राच्य विद्या के प्रमुख सन्दर्भ एवं सूचना स्रोत, 2011
Copyright @ Delhi University Library System